Droïdes de Star Wars - Difficile - Statistiques

Statistiques générales
  • Ce quiz a été pris 132 fois
    128 depuis la dernière actualisation
  • Le résultat moyen est 12 sur 30
Statistiques - réponses
Par images Réponse % Correct
droïde protocolaire
92%
droïde astromécano
77%
iris sombre
74%
sondbot
74%
droïdeka
67%
droïde chirurgien
61%
super-droïde de combat B2
60%
droïde assassin
55%
droïde de combat B1
52%
droïde vautour
48%
sphère d'entraînement
48%
droïde d'interrogatoire
46%
droïde crabe
45%
droïde souris
45%
droïde gonk
44%
magna-garde
44%
droïde araignée nain
43%
droïde mécano
40%
dark trooper
34%
droïde serveuse
29%
droïde de sécurité
21%
droïde pilote
14%
droïde tri-chasseur
14%
droïde canonnière
13%
hailfire
12%
droïde araignée traqueur
11%
octuptarra
10%
droïde explorateur
6%
droïde superviseur
5%
droïde de techno-service
2%
Aucun quiz correspondant
Distribution des résultats
% des personnes avec chaque résultat
Percentile par nombre de réponses
Votre historique - résultats
Vous n’avez pas pris ce quiz depuis la dernière actualisation